Revista mexicana de procuración de justicia : volumen 1, número 4, febrero de 1997 /

שמור ב:
מידע ביבליוגרפי
מחברים אחרים: Laveaga, Gerardo (dirección) (dirección)
פורמט: ספר
שפה:ספרדית
נושאים:
תגים: הוספת תג
אין תגיות, היה/י הראשונ/ה לתייג את הרשומה!

MARC

LEADER 00000nam^a2200000^a^4500
001 000315195
005 20250521000000.0
009 20260310113236.936
037 |a Acervo ITESO - Biblioteca 
041 |a ESP 
082 |a 347. 005  |b REV V. 1 T. 4 
245 0 0 |a Revista mexicana de procuración de justicia :  |b volumen 1, número 4, febrero de 1997 /  |c Dir. de G. Laveaga. 
264 |a México :  |b Procuraduría General de Justicia del Distrito Federal,  |c 1997 
300 |a 152 p. 
336 |a texto  |b txt  |2 rdacontenido 
337 |a sin mediación  |b n  |2 rdamedio 
338 |a volumen  |b nc  |2 rdasoporte 
649 |a XX 
650 |a Justicia -  |x Administración -  |z México -  |x Publicaciones Periódicas Mexicanas -  |x Tema Principal 
650 |a Abogados Mexicanos 
650 |a Jueces Mexicanos 
650 |a Suprema Corte de Justicia de la Nación -  |z México 
650 |a Suprema Corte de Justicia -  |z EUA 
650 |a Poder Judicial -  |z EUA 
650 |a Legalidad e Ilegalidad -  |z México 
650 |a Seguridad Jurídica -  |z México 
650 |a Jurisprudencia -  |z México 
650 |a Seguridad Pública -  |z México (Ciudad) 
650 |a Seguridad Pública -  |z Europa 
650 |a Comercio Internacional -  |z Cuba-EUA -  |z Aspectos Jurídicos 
650 |a Consentimiento (Derecho) -  |z México 
650 |a Causas de Justificación -  |z México 
650 |a Eximentes de Responsabilidad -  |z México 
650 |a Sabotaje -  |z México 
650 |a Delitos contra el Orden Público -  |z México 
650 |a Amparo -  |z México 
650 |a Derecho Procesal Constitucional -  |z México 
650 |a Derecho Procesal Laboral -  |z México 
650 |a Derecho Laboral -  |z México 
650 |a Derecho Penal -  |z México 
650 |a Derecho de Familia -  |z México 
650 |a Derecho Constitucional -  |z México 
650 |a Derecho Privado -  |z México 
650 |a Derecho Público -  |z México 
650 |a Derecho Internacional Público 
650 |a Publicaciones Periódicas Mexicanas 
650 |a Ortiz Mayagoitia, Guillermo I. 
700 |a Laveaga, Gerardo  |e (dirección) 
910 |a Fondo General 
920 |a Impresos - Libros 
930 |a Colección General 
905 |a 101 
901 |a 0500202009  |b IT1  |c ACC  |u 20250521 
902 |a https://opac.biblio.iteso.mx/vufind/Record/000315195